000 00819nas a2200265 4500
001 BR0700541
003 BR-BrBNA
005 20231205110528.0
007 ta
008 230509b bl.|||p| |||| 00| 00por d
040 _aBR-BrBNA
_bpor
_cBiblioteca Nacional de Agricultura
041 _a(Pt)
072 _aD50; Q03
100 1 _aVeiros, M.B.
100 1 _aKent-Smith, L.
100 1 _aProença, R.P. da C.
245 1 _aLegislação portuguesa e brasileira de segurança e higiene dos alimentos: panorama atual
650 _aALIMENTO
650 _aLEGISLAÇÃO
650 _aHIGIENE DE ALIMENTO
650 _aCONTROLE DE QUALIDADE
773 0 _tHigiene Alimentar (Brazil)
_xISSN 0101-9171
_g(Oct 2006), v. 20(145) p. 117-128
_wBR0700541
909 _a202311
_bLúcia
_c55
_dLúcia Elande
942 _2AGRIS
_n0
_cANA
999 _c187754
_d187754